000
00213nam a2200085Ia 4500
008
170620s9999 xx 000 0 und d
100
_a
SINGH DR VIJAY LAXMI
245
0
_a
INTRODUCTATION TO ECONOMICS
260
_b
CENTRAL LAW PUB
260
_c
2016
999
_c
29809
_d
29809